| 000 | 00884nam a22002175i 4500 | ||
|---|---|---|---|
| 001 | 164293 | ||
| 003 | ES-MaACL | ||
| 005 | 20251003180839.0 | ||
| 008 | 050728s1867 fr | |||||||| ||fre d | ||
| 040 |
_aCAM _bspa _cCAM |
||
| 080 | _a215 | ||
| 100 | 1 |
_aLa Sagra, Ramón de, _d1798-1871 _9101445 |
|
| 245 | 1 | 0 |
_aLettres a M. Sainte-Beuve, académicien et sénateur, au sujet de ses idées philosophiques / _cpar Ramon de la Sagra. |
| 260 |
_aParis : _bchez Germer-Baillière, libraire-éditeur, _c1867 ( _fImp. Renou et Maulde) |
||
| 300 |
_a24 p. ; _c22 cm. |
||
| 595 | _aInsérées dans les numéros du journal l'Union du 30 juillet, 13 et 20 août et 1er septembre 1867. | ||
| 650 | 7 |
_aCristianismo y ciencia _2embne _9150357 |
|
| 700 | 1 |
_aSainte-Beuve, Charles-Augustin, _d1804-1869 _9162958 |
|
| 852 |
_aES-MaACL _j1825-F-24 _z-- Rúst. |
||
| 999 |
_c164293 _d164293 |
||